Statistics for Sea Routes in Risk on a Map

Click here to take the quiz!

General Stats

  • This quiz has been taken 19 times
  • The average score is 13 of 23

Answers on the Map

Answers color-coded by a green-red scale on the quiz's map according to % correct below.
 

Answer Stats

Answer% Correct
Greenland-Iceland
81%
Greenland-Quebec
81%
Iceland-Scandinavia
75%
Madagascar-South Africa
75%
Brazil-North Africa
69%
Great Britain-Iceland
69%
Great Britain-Western Europe
69%
Indonesia-Siam
69%
Indonesia-New Guinea
63%
Indonesia-Western Australia
63%
East Africa-Madagascar
56%
Japan-Kamchatka
56%
Japan-Mongolia
56%
East Africa-Middle East
50%
Eastern Australia-New Guinea
50%
Great Britain-Northern Europe
50%
Greenland-Northwest Territory
50%
Northern Europe-Scandinavia
50%
Alaska-Kamchatka
44%
Egypt-Southern Europe
44%
Great Britain-Scandinavia
25%
Greenland-Ontario
13%
New Guinea-Western Australia
6%

Score Distribution

Percentile by Number Answered

Percent of People with Each Score

Your Score History

You have not taken this quiz